Smoke Bellew

Spremljeno u:
Bibliografski detalji
Glavni autor: London, Jack (autor)
Format: Knjiga
Jezik:engleski
Izdano: Nueva York Grosset & Dunlap 1912
Teme:
Oznake: Dodaj oznaku
Bez oznaka, Budi prvi tko označuje ovaj zapis!

MARC

LEADER 00000nam a2200000 a 4500
001 UCJ3406
003 CL-VaPUC
008 070124e19121000US |||||||||||||||||eng|d
082 0 4 |a 813  |b LON  |2 21 
100 |a London, Jack  |e autor  |9 342822 
245 1 0 |a Smoke Bellew 
300 |a 385 p 
942 |c BK 
945 |d 20070124 00:00:00  |a rinostro 
260 |a Nueva York  |b Grosset & Dunlap  |c 1912 
500 |a Ilustraciones por P. J. Monahan. Ver biográfica en el registro 412 
650 7 |a NOVELA ESTADOUNIDENSE  |2 CL-VaPUC  |9 266286 
583 |a last modification  |c 20070124 00:00:00  |k Rodrigo Vera 
999 |c 319528  |d 319526 
952 |0 0  |1 0  |4 0  |6 813_000000000000000_LON_1912  |7 0  |8 X  |9 397868  |a FDOBUD  |b FDOBUD  |d 2019-11-22  |i 1003283  |o 813 LON 1912  |p 1003283  |r 2019-11-22  |w 2019-11-22  |y BK_X  |k BUD